| 000 | 00567nam a22002057a 4500 | ||
|---|---|---|---|
| 999 |
_c3431 _d3431 |
||
| 003 | OSt | ||
| 005 | 20240118085105.0 | ||
| 008 | 240117b ||||| |||| 00| 0 eng d | ||
| 020 | _a9781406375510 | ||
| 040 | _cKH8 | ||
| 082 | _aFIC JAM | ||
| 100 |
_aJames, Lauren, _eauthor. |
||
| 245 |
_aThe quiet at the end of the world / _cLauren James. |
||
| 260 |
_aLondon ; _bWalker Books, _c2019. |
||
| 300 |
_a334 pages : _c12.9 cm x 20 cm. |
||
| 650 |
_aEmotions & Feelings _vFiction |
||
| 650 |
_aDystopian _vFiction |
||
| 650 |
_aYoung adult _vFiction |
||
| 942 |
_2ddc _cFIC |
||